| 000 | 00584nam a2200169 a 4500 | ||
|---|---|---|---|
| 008 | 120416s1996 ||||||||||||||||| || u | ||
| 020 | _a1856042030 | ||
| 050 | _aT 56.8 Mac | ||
| 245 | 1 | 0 | _aMaking project management work for you |
| 246 | _aLiz MacLachlan | ||
| 260 |
_aLondon _bLibrary Association Publishing _c1996 |
||
| 300 | _aX ;86P. ill. | ||
| 350 | _a0.00 | ||
| 650 | 0 | _aMANAGEMENT | |
| 650 | 0 | _aPROJECT MANAGEMENT | |
| 995 |
_D0.00 _FCBU-MAIN LIBRARY (Kitwe) _H1 _I150.00 _M1 _UAVAILABLE _ZMain Library Open Access Collection |
||
| 999 |
_c49748 _d49748 |
||